| 000 | 00812nac a22001931u 4500 | ||
|---|---|---|---|
| 010 | _a2002029821 | ||
| 020 | _a0130949868 (casebound) | ||
| 082 | 0 | 0 |
_a621.382 _bR7241 |
| 090 |
_c880 _d880 |
||
| 100 | _aRogers, Gary S. | ||
| 245 | 1 | 3 |
_aAn introduction to wireless technology / _cGary S. Rogers, John Edwards. |
| 260 |
_aUpper Saddle River, NJ : _bPrentice Hall, _cc2003. |
||
| 300 |
_axiv, 538 p. : _bill. ; _c25 cm. + _e1 CD-ROM (4 3/4 in.) |
||
| 504 | _aIncludes bibliographical references (p. 524-527) and index. | ||
| 650 | 0 | _aWireless communication systems. | |
| 700 | 1 |
_aEdwards, John Solomon, _d1939- |
|
| 942 |
_cBB _k621.382R7241 |
||
| 999 |
_c880 _d880 |
||